<?xml version="1.0" encoding="UTF-8"?>
<record
    xmlns:xsi="http://www.w3.org/2001/XMLSchema-instance"
    xsi:schemaLocation="http://www.loc.gov/MARC21/slim http://www.loc.gov/standards/marcxml/schema/MARC21slim.xsd"
    xmlns="http://www.loc.gov/MARC21/slim">

  <leader>03658nam a2200553Ia 4500</leader>
  <controlfield tag="001">392</controlfield>
  <controlfield tag="008">241029s9999    xx            000 0 und d</controlfield>
  <datafield tag="010" ind1=" " ind2=" ">
    <subfield code="a">358</subfield>
  </datafield>
  <datafield tag="041" ind1=" " ind2=" ">
    <subfield code="a">Espa&#xF1;ol</subfield>
  </datafield>
  <datafield tag="082" ind1=" " ind2=" ">
    <subfield code="a">NO APLICA</subfield>
  </datafield>
  <datafield tag="245" ind1=" " ind2="0">
    <subfield code="a">Factores asociados a la ausencia escolar de los ni&#xF1;os/as de 5 a 9 a&#xF1;os de edad en la Escuela Bell Grant en el Municipio Villa Hermosa, provincia La Romana 2011-2012</subfield>
  </datafield>
  <datafield tag="260" ind1=" " ind2=" ">
    <subfield code="a">Santo Domingo</subfield>
  </datafield>
  <datafield tag="300" ind1=" " ind2=" ">
    <subfield code="a">127</subfield>
  </datafield>
  <datafield tag="520" ind1=" " ind2=" ">
    <subfield code="a">9</subfield>
  </datafield>
  <datafield tag="630" ind1=" " ind2=" ">
    <subfield code="a">Ausentismo</subfield>
  </datafield>
  <datafield tag="630" ind1=" " ind2=" ">
    <subfield code="a">Centros Educativos</subfield>
  </datafield>
  <datafield tag="630" ind1=" " ind2=" ">
    <subfield code="a">Motivaci&#xF3;n</subfield>
  </datafield>
  <datafield tag="650" ind1=" " ind2=" ">
    <subfield code="a">Gesti&#xF3;n Educativa</subfield>
  </datafield>
  <datafield tag="690" ind1=" " ind2=" ">
    <subfield code="a">Elaborado</subfield>
  </datafield>
  <datafield tag="700" ind1=" " ind2=" ">
    <subfield code="e">asesor</subfield>
    <subfield code="a">Adames, Adalberto</subfield>
  </datafield>
  <datafield tag="700" ind1=" " ind2=" ">
    <subfield code="e">autor</subfield>
    <subfield code="a">S&#xE1;nchez, Santa</subfield>
  </datafield>
  <datafield tag="700" ind1=" " ind2=" ">
    <subfield code="e">autor</subfield>
    <subfield code="a">De la Rosa, Yanet Orquidea </subfield>
  </datafield>
  <datafield tag="901" ind1=" " ind2=" ">
    <subfield code="a">{"1":"S&#xE1;nchez","2":"De la Rosa"}</subfield>
    <subfield code="b">{"1":"Santa","2":"Yanet Orquidea "}</subfield>
  </datafield>
  <datafield tag="902" ind1=" " ind2=" ">
    <subfield code="a">1</subfield>
  </datafield>
  <datafield tag="903" ind1=" " ind2=" ">
    <subfield code="a">{"1":"Adames"}</subfield>
    <subfield code="b">{"1":"Adalberto"}</subfield>
  </datafield>
  <datafield tag="904" ind1=" " ind2=" ">
    <subfield code="a">Mag&#xED;ster en</subfield>
  </datafield>
  <datafield tag="905" ind1=" " ind2=" ">
    <subfield code="a">Ciencias de la Educaci&#xF3;n</subfield>
  </datafield>
  <datafield tag="906" ind1=" " ind2=" ">
    <subfield code="a">1</subfield>
  </datafield>
  <datafield tag="907" ind1=" " ind2=" ">
    <subfield code="a">Menci&#xF3;n en</subfield>
  </datafield>
  <datafield tag="908" ind1=" " ind2=" ">
    <subfield code="a">Gesti&#xF3;n de Centros Educativos</subfield>
  </datafield>
  <datafield tag="909" ind1=" " ind2=" ">
    <subfield code="a">Universidad Abierta para Adultos (UAPA), Recinto Santo Domingo Oriental</subfield>
  </datafield>
  <datafield tag="910" ind1=" " ind2=" ">
    <subfield code="a">NULL</subfield>
    <subfield code="b">NULL</subfield>
  </datafield>
  <datafield tag="911" ind1=" " ind2=" ">
    <subfield code="a">["1"]</subfield>
  </datafield>
  <datafield tag="912" ind1=" " ind2=" ">
    <subfield code="a">NO APLICA</subfield>
  </datafield>
  <datafield tag="913" ind1=" " ind2=" ">
    <subfield code="a">NULL</subfield>
  </datafield>
  <datafield tag="914" ind1=" " ind2=" ">
    <subfield code="a">03 de Septiembre de 2012</subfield>
  </datafield>
  <datafield tag="915" ind1=" " ind2=" ">
    <subfield code="a">09/07/15 11:07</subfield>
  </datafield>
  <datafield tag="916" ind1=" " ind2=" ">
    <subfield code="a">NULL</subfield>
  </datafield>
  <datafield tag="917" ind1=" " ind2=" ">
    <subfield code="a">NULL</subfield>
  </datafield>
  <datafield tag="918" ind1=" " ind2=" ">
    <subfield code="a">NO APLICA</subfield>
  </datafield>
  <datafield tag="919" ind1=" " ind2=" ">
    <subfield code="a">["24","33","143"]</subfield>
  </datafield>
  <datafield tag="520" ind1=" " ind2=" ">
    <subfield code="a">Los objetivos principales del estudio consistieron en determinar los factores asociados a la ausencia escolar de los ni&#xF1;os/as de 5 a 9 a&#xF1;os de edad, en la Escuela Bell Grant en el Municipio Villa Hermosa, La Romana, 2011-2012, indicar las consecuencias de la ausencia escolar de los ni&#xF1;os/as en edad de 5 a 9 a&#xF1;os, se&#xF1;alar las estrategias que pueden utilizar para que disminuya la ausencia en el centro educativo, identificar los motivos principales de la ausencia escolar de los ni&#xF1;os/as de 5 a 9 a&#xF1;os.La metodolog&#xED;a utilizada fue de dise&#xF1;o no experimental de tipo descriptivo, se fundament&#xF3; en la observaci&#xF3;n y el an&#xE1;lisis y como instrument&#xF3; &#xA0;utiliz&#xF3; la entrevista, la encuesta y la observaci&#xF3;n. Se trabaj&#xF3; con una poblaci&#xF3;n de 1 director, 10 docentes y 400 familias de los ni&#xF1;os de 5 a 9 a&#xF1;os y como muestra se tom&#xF3; el director del centro 5 maestros y 196 familias de dicho ni&#xF1;os /as.El estudio concluy&#xF3; que se debe realizar campa&#xF1;a de motivaci&#xF3;n; Adem&#xE1;s se evidenci&#xF3; que entre las medidas que los padres pueden tomar para que los ni&#xF1;os no queden fuera del centro educativo est&#xE1; organizar los documentos a tiempo. &#xA0;Tambi&#xE9;n se demostr&#xF3; que la actividad que puede trabajar en la escuela como motivaci&#xF3;n es el reconocimiento por el trabajo realizado, que la consecuencia de la ausencia escolar es el trabajo infantil, que dicha consecuencias pueden ser por divorcio y abandono de uno de los padres o tutores, que las consecuencias son aumento de la delincuencia prostituci&#xF3;n, violaci&#xF3;n sexual, consumo de estupefacientes y violaci&#xF3;n de los derechos.El estudio recomend&#xF3; que se deben realizar compa&#xF1;as publicitarias por las autoridades educativas y municipales en la comunidad de Villa Hermosa con el prop&#xF3;sito de prevenir y erradicar el maltrato infantil, crear centros de acopio con el apoyo del consejo nacional para la ni&#xF1;ez (CONANI), para ayudar a los ni&#xF1;os/as que son v&#xED;ctimas del maltrato infantil y tambi&#xE9;n impartir cursos t&#xE9;cnicos, dirigido a las familias del centro y la comunidad para que los padres se preparen t&#xE9;cnicamente y as&#xED; puedan obtener buenos empleos.</subfield>
  </datafield>
  <datafield tag="921" ind1=" " ind2=" ">
    <subfield code="a">16</subfield>
  </datafield>
  <datafield tag="922" ind1=" " ind2=" ">
    <subfield code="a">16</subfield>
  </datafield>
  <datafield tag="923" ind1=" " ind2=" ">
    <subfield code="a">0</subfield>
  </datafield>
  <datafield tag="924" ind1=" " ind2=" ">
    <subfield code="a">NO APLICA</subfield>
  </datafield>
  <datafield tag="942" ind1=" " ind2=" ">
    <subfield code="c">Tesis</subfield>
  </datafield>
  <datafield tag="999" ind1=" " ind2=" ">
    <subfield code="c">358</subfield>
    <subfield code="d">358</subfield>
  </datafield>
</record>
